Methodology course (2) Teaching language components and skills
Zapisane w:
| 1. autor: | |
|---|---|
| Format: | Książka |
| Język: | English |
| Wydane: |
Đồng Tháp
[kxd]
2013
|
| Hasła przedmiotowe: | |
| Etykiety: |
Dodaj etykietę
Nie ma etykietki, Dołącz pierwszą etykiete!
|
| Thư viện lưu trữ: | Trung tâm Học liệu Lê Vũ Hùng, Trường Đại học Đồng Tháp |
|---|
| LEADER | 00770pmm a22002298a 4500 | ||
|---|---|---|---|
| 001 | 00044264 | ||
| 005 | 20190523140548.0 | ||
| 008 | 131224s2013 ||||||engsd | ||
| 020 | # | # | |c 0 |
| 041 | 0 | # | |a eng |
| 082 | 1 | 4 | |a 428 |b M207C |
| 100 | 1 | # | |a Ngo, Ai Tuong |
| 245 | 0 | 0 | |h Nguồn liệu điện tử |a Methodology course (2) |b Teaching language components and skills |c Ngo Ai Tuong |
| 260 | # | # | |a Đồng Tháp |b [kxd] |c 2013 |
| 300 | # | # | |a 1 CD |c 43/4 inch. |e sách |
| 500 | # | # | |a ĐTTS ghi: Dong Thap University. Foreign language department |
| 653 | # | # | |a English |
| 653 | # | # | |a Methodology course |
| 653 | # | # | |a Teaching language |
| 653 | # | # | |a Đĩa CD |
| 852 | # | # | |j DPT.0004252 |
| 980 | # | # | |a Trung tâm Học liệu Lê Vũ Hùng, Trường Đại học Đồng Tháp |